Loading...

Kallum Pullum Kaduvayum /

Bibliographic Details
Main Author: Namboodhiri N. N.
Format: Printed Book
Language:Malayalam
Published: Thiruvananthapuram : Kerala Sasthra Sahithya Parishath , 1979.
LEADER 00496nam a2200133Ia 4500
008 150624b xxu||||| |||| 00| | mal d
082 |a 808.068 
100 |a Namboodhiri N. N. 
245 |c Namboodhiri N. N.  |a Kallum Pullum Kaduvayum / 
260 |a Thiruvananthapuram :  |b Kerala Sasthra Sahithya Parishath ,  |c 1979. 
546 |a In Malayalam. 
942 |c BK 
999 |c 77454  |d 77454 
952 |0 1  |1 0  |4 0  |6 808_068000000000000_NAM_K  |7 0  |9 77398  |a UL  |b UL  |c ST1  |d 1998-09-15  |l 0  |o 808.068 NAM/K  |p 47830  |r 2012-10-27  |w 2012-10-27  |y BK